| 000 | 01262nam a2200229Ia 4500 | ||
|---|---|---|---|
| 001 | L261-18330 | ||
| 003 | IT-CnALBA | ||
| 008 | 170116s9999||||xx |||||||||||||| ||und|| | ||
| 040 |
_aIT-CnALBA _cIT-CnALBA |
||
| 041 | _aITALIANO | ||
| 100 | _aMASSÈ DOMENICO | ||
| 245 | 0 | _aIL CASO DI COSCIENZA DEL RISORGIMENTO ITALIANO: DALLE ORIGI NI ALLA CONCILIAZIONE. | |
| 250 | _a2a ed. | ||
| 260 |
_aCINISELLO BALSAMO (MI) _bEDIZIONI PAOLINE _c1961 [1° Ed.:1946 - Ed.Ling.Originale: 1946] |
||
| 300 | _a743 p. (prefazione: 9) | ||
| 500 | _aRIVOLUZIONE LIBERISTA. SETTECENTO ILLUMINISTA. ERRORE DI MONS. FRANSONI E CATTOLICI RETRIVI. DOMINIO TEMPORALE DEI PAPI. GESUITI. LEGGE SICCARDI. ESPULSIONE DI MONS. FRANSONI. MATRIMONIO, SCUOLA, CORPORAZIONI RELIGIOSE. PATRIMONIO ECCLESIASTICO. CAVOUR. C | ||
| 501 | _aSocietà San Paolo EM - Piazza San Paolo, 14 - 12051 ALBA (CN) (non commercial uses only) ® Copyright 2017 | ||
| 520 | _aRIVOLUZIONE LIBERISTA. SETTECENTO ILLUMINISTA. ERRORE DI MONS. FRANSONI E CATTOLICI RETRIVI. DOMINIO TEMPORALE DEI PAPI. GESUITI. LEGGE SICCARDI. ESPULSIONE DI MONS. FRANSONI. MATRIMONIO, SCUOLA, CORPORAZIONI RELIGIOSE. PATRIMONIO ECCLESIASTICO. CAVOUR. C | ||
| 650 | _aTEOLOGIA SOCIALE | ||
| 942 | _cBK | ||
| 957 | _71 | ||
| 999 |
_a23076 _bNO _g Copie: 1 _c277461 _d277461 |
||